Panorama de Costa Rica 1973: aspectos demográficos y sociales /
Sintesis de algunos aspectos demográficos y socioeconómicos de Costa Rica a fines de 1973. Caracteriza la población costarricense en cuanto a tamaño, crecimiento, estructura de edades, distribución urbano, rural, nivel de educación, e ingresos y resume el programa nacional de planificación familiar....
Guardado en:
| Hovedforfatter: | |
|---|---|
| Institution som forfatter: | |
| Andre forfattere: | |
| Format: | Texto |
| Udgivet: |
San José:
CESPO
|
| Fag: | |
| Tags: |
Tilføj Tag
Ingen Tags, Vær først til at tagge denne postø!
|
MARC
| LEADER | 00000 a a2200000 04500 | ||
|---|---|---|---|
| 001 | 19870 | ||
| 003 | |||
| 040 | |||
| 090 | |a 080500 | ||
| 100 | |a Bermúdez, Vera Violeta | ||
| 110 | |a Universidad de Costa Rica. Centro de Estudios Sociales y de Población. Departamento de Investigación | ||
| 245 | |a Panorama de Costa Rica 1973: aspectos demográficos y sociales / |c Vera Violeta Bermúdez | ||
| 260 | |a San José: |b CESPO | ||
| 300 | |a 37 p. | ||
| 520 | |a Sintesis de algunos aspectos demográficos y socioeconómicos de Costa Rica a fines de 1973. Caracteriza la población costarricense en cuanto a tamaño, crecimiento, estructura de edades, distribución urbano, rural, nivel de educación, e ingresos y resume el programa nacional de planificación familiar./ACM | ||
| 650 | |a COSTA RICA | ||
| 650 | |a POBLACION | ||
| 650 | |a DEMOGRAFIA | ||
| 650 | |a PLANIFICACION FAMILIAR | ||
| 700 | |a Gómez Barrantes, Miguel | ||
| 999 | |c 17277 |d 17277 | ||
